• 首页
  • 本馆介绍
  • 公告通知
  • 最新文献
  • 馆藏检索
  • 电子资源
  • 读者导购
  • 参考咨询
  • 我的图书馆
  • 登录
  • 详细信息显示
  • 放入我的书架
  • 预约/预借图书
  • 作者相关作品
  • 分类相关作品
  • 丛书相关作品
  • 出版社相关作品

书目信息

  • 表格格式
  • 工作单格式
  • 卡片格式
题名:
科学技术革命与工会
    
 
作者: 伊万诺夫 著 ;刘统畏 , 张玉坤 译
分册:  
出版信息: 北京   工人出版社  1984
页数: 332页
开本: 19cm
丛书名:
单 册:
中图分类: F403.6
科图分类:
主题词: 技术革命-影响-工会工作 , 工会工作-影响因素-技术革命
电子资源:
ISBN:
000 00783nam0 2200265 45
001 0184014031
005 20060911151448.67
010    @dCNY0.90
091    @aCN@b3007.438
100    @a19950422d1984 em y0chiy0121 ea
101 1  @achi@crus
102    @aCN@b110000
105    @ay z 000yy
200 10 @a科学技术革命与工会@Ake xue ji shu ge ming yu gong hui@f(苏)叶.伊万诺夫著@g刘统畏,张玉坤译
210    @a北京@c工人出版社@d1984
215    @a332页@d19cm
606    @a技术革命-影响-工会工作
606    @a工会工作-影响因素-技术革命
690    @aF403.6@v3
701  1 @a伊万诺夫@Ayi wan nuo fu@b叶.@4著
702  0 @a刘统畏@Aliu tong wei@4译
702  0 @a张玉坤@Azhang yu kun@4译
801  0 @aCN@bTSSF@c20060911
801  2 @aCN@bNLC@c20060911
905    @a10447@dF403.6@e184
    
    科学技术革命与工会/(苏)叶.伊万诺夫著/刘统畏,张玉坤译.-北京:工人出版社,1984
    332页;19cm
    
    
    ISBN :CNY0.90
    
●
相关链接 在E读中查询图书 在五车中查询图书 在当当中查询图书 在豆瓣中查询图书


正题名:科学技术革命与工会     索取号:F403.6/184         预约/预借

序号 登录号 条形码 馆藏地/架位号 状态 备注
1 0470559   204705596   密集书库/ [索取号:F403.6/184] 在馆    
2 0471987   204719876   密集书库/ [索取号:F403.6/184] 在馆    
唐山师范学院图书馆 欢迎您!
大连网信软件有限公司© 版权所有